Sexual harassment in Japanese politics /

Bibliographic Details
Main Author: Dalton, Emma (Author)
Corporate Author: ProQuest (Firm)
Format: eBook
Language:English
Published: Singapore : Palgrave Macmillan, [2021]
Series:Palgrave Macmillan studies on human rights in Asia.
Subjects:
Online Access:Connect to the full text of this electronic book

MARC

Tag First Indicator Second Indicator Subfields
LEADER 00000cam a2200000Ii 4500
001 in00004365621
006 m o d
007 cr |n|||||||||
008 210928s2021 si ob 001 0 eng d
005 20250816203911.2
020 |a 9789811637957  |q (electronic bk.) 
020 |a 9811637954  |q (electronic bk.) 
020 |z 9789811637940 
020 |z 9811637946 
024 8 |a 40030782189 
035 |a (NhCcYBP)ebc6734375 
040 |a NhCcYBP  |c NhCcYBP  |d UtOrBLW 
043 |a a-ja--- 
050 4 |a HQ1237.5.J3  |b D35 2021 
072 7 |a JP  |2 bicssc 
072 7 |a POL000000  |2 bisacsh 
072 7 |a JP  |2 thema 
072 7 |a JBSF  |2 thema 
082 0 4 |a 305.420952  |2 23 
100 1 |a Dalton, Emma,  |e author.  |0 http://id.loc.gov/authorities/names/n2014050399 
245 1 0 |a Sexual harassment in Japanese politics /  |c Emma Dalton. 
264 1 |a Singapore :  |b Palgrave Macmillan,  |c [2021] 
264 4 |c ©2021 
300 |a 1 online resource. 
336 |a text  |b txt  |2 rdacontent 
337 |a computer  |b c  |2 rdamedia 
338 |a online resource  |b cr  |2 rdacarrier 
490 1 |a Palgrave Macmillan studies on human rights in Asia 
504 |a Includes bibliographical references and index. 
505 0 |a Introduction: Context and organization of book -- Chapter One: Everything being unequal: Gender and Japanese Politics -- Chapter Two: Sexual harassment as legal and cultural categories -- Chapter Three: Sexual harassment in local level politics -- Chapter Four: Sexual harassment in national level politics -- Chapter Five: The women speaking out -- Conclusion. 
588 0 |a Online resource; title from PDF title page (SpringerLink, viewed October 6, 2021). 
500 |a Electronic resource. 
650 0 |a Sexual harassment  |z Japan. 
650 0 |a Sexual harassment of women  |z Japan. 
650 0 |a Women  |x Political activity  |z Japan. 
650 0 |a Women politicians  |z Japan. 
651 0 |a Japan  |x Politics and government.  |0 http://id.loc.gov/authorities/subjects/sh85069539 
655 7 |a Electronic books.  |2 local 
710 2 |a ProQuest (Firm)  |0 http://id.loc.gov/authorities/names/n2007068018 
776 1 8 |c Original  |z 9811637946  |z 9789811637940 
830 0 |a Palgrave Macmillan studies on human rights in Asia. 
856 4 0 |u https://ebookcentral.proquest.com/lib/tamucs/detail.action?docID=6734375  |z Connect to the full text of this electronic book  |t 0 
945 |b 68388 
955 |a YBP purchased approval e-records 
980 |b ebook  |c 40030782189  |f NONFIC/B  |g 565751  |k USD  |m 198.00  |q 1  |s AcqMono Conventional  |t Approval plan  |u Vendor order reference number  |v ZYBP  |y E-approvals  |z Electronic resource 
987 |a ybp302473390 
999 f f |s db9d580c-87c6-3c22-9118-b596bebb0bfc  |i c833555f-3f91-3ca3-bfea-56ae23056a1a  |t 0 
952 f f |a Texas A&M University  |b College Station  |c Electronic Resources  |d Available Online  |t 0  |e HQ1237.5.J3 D35 2021  |h Library of Congress classification 
998 f f |a HQ1237.5.J3 D35 2021  |t 0  |l Available Online